[Event "Tata Steel-A 80th"]
[Site "Wijk aan Zee"]
[Date "2018.01.27"]
[Round "12"]
[White "Kramnik, Vladimir"]
[Black "Caruana, Fabiano"]
[Result "1-0"]
[WhiteElo "2787"]
[BlackElo "2811"]
[Annotator "Marin,M"]
[PlyCount "103"]
[EventDate "2018.01.13"]
[EventType "tourn"]
[EventRounds "13"]
[EventCountry "NED"]
[EventCategory "20"]
[SourceTitle "CBM 183"]
[Source "ChessBase"]
[SourceDate "2018.03.14"]
[SourceVersion "1"]
[SourceVersionDate "2018.03.14"]
[SourceQuality "1"]

1. e4 c6 2. d4 d5 3. exd5 cxd5 4. Nf3 Nf6 5. Ne5 $5 {Kramnik,V (2787)-Svidler,
P (2768) 80th Tata Steel GpA 2018 (4.3) 1-0 This rare move is in a way similar
to Kramnik's early knight move to e5 in} ({The main lines were Fischer's
favourite} 5. Bd3) ({and the Panov Attack.} 5. c4) 5... Nc6 ({Another game of
a World champion went} 5... e6 {Leaving the c8-bishop passive.} 6. Nd2 Nc6 7.
c3 Bd6 8. f4 {Starting an attack in the spirit of the Colle system.} g6 9. Qf3
Nh5 10. g4 Ng7 11. Qh3 h5 12. Bd3 Kf8 13. Ndf3 Kg8 14. Bd2 Bd7 15. O-O-O $36 {
Anand,V (2803)-Vallejo Pons,F (2684) Leon 2008 (1-0, 46) with consistent
initiative.}) 6. Bb5 Bd7 {In a way this is the most flexible move, parrying
the threat by developing a piece, but its drawbck is giving up the bishops'
pair.} (6... Qb6 7. c4 {offers White some initiative in the spirit of the 
(reversed) Ragozin system.}) (6... Qc7 {has been played only between lower
rated players, but looks sound enough. The point is that} 7. Bf4 {is not as
threatening as it looks:} e6 {[%cal Gf8d6]} 8. Nxc6 (8. Ng6 Qa5+ 9. Bd2 Qxb5
10. Nxh8 {[%csl Rh8]} Qxb2 $5 $17) 8... Qxf4 9. Ne5+ Bd7 10. Nxd7 Qe4+ 11. Be2
Nxd7 12. O-O Bd6 {and Black does not have much to fear.}) 7. Nxd7 Qxd7 8. c3 e6
9. O-O ({The following game features a slightly different move order:} 9. Nd2
Bd6 10. Nf3 O-O 11. O-O Qc7 12. Re1 a6 13. Bd3 Bf4 {The reason why Black is
interested in exchanging these bishops can be found in a line from the comment
to 12...e5 below.} 14. Bxf4 Qxf4 15. a4 g6 16. g3 Qc7 17. Kg2 Kg7 18. Qe2 Rfe8
19. h4 h5 20. b4 (20. Ne5 $14 {looks more natural.}) 20... Ne7 (20... Ng4 $5)
21. Rac1 Rac8 22. Ne5 a5 23. Bb5 Rf8 24. Qb2 b6 25. Ba6 Ra8 26. Bd3 $14 {
Rapport,R (2707)-Salgado Lopez,I (2644) Riadh 2017 (1-0, 52) with some slight
pressure.}) 9... Bd6 10. Nd2 O-O 11. Re1 (11. Nf3 Qc7 (11... Ne4 $5) 12. Re1 {
would transpose to the game above.}) 11... a6 ({The plan of exchanging bishops
is available after other white knight moves, too, of course:} 11... Qc7 12. Nf1
Bf4 13. Bxf4 Qxf4 14. Qd2 (14. Nd2 {planning Qe2, Nf3, Bd3 looks more active.})
14... Qxd2 15. Nxd2 Rfc8 16. Bd3 {½-½ Antipov,M (2584)-Mchedlishvili,M (2604)
Izmir 2016}) 12. Bd3 e5 {Caruana decides on switching to a French Isolani
structure.} ({The main alternative is starting the minority attack, typical
for the Carlsbad structure (even if in reversed form as here):} 12... b5 {
but White's kingside initiative is a bit more effective:} 13. Nf3 b4 (13... Qc7
{does not manage exchanging the dangerous bishop in time:} 14. Bg5 Nd7 15. Qc2
h6 {This weakening is more important than it may look at fist sight, as it
allows White to start an effective attack.} 16. Be3 Nf6 17. h3 Rfc8 18. Qe2 Qb7
19. g4 $1 b4 20. g5 hxg5 21. Bxg5 bxc3 22. bxc3 Na5 23. Bxf6 gxf6 {Safarli,E 
(2639)-Esipenko,A (2564) Riadh 2017 (1-0, 49)} 24. Nh4 $1 Rxc3 $140 25. Qg4+
Kf8 26. Qh5 $18 {planning Nf5 with a decisive attack.}) 14. Bg5 bxc3 (14... Be7
15. Ne5 Qb7 16. Nxc6 Qxc6 17. cxb4 $16) {Puccini,J (2073)-Le,M (1927) Al Ain
2013 (½-½, 29)} 15. Bxf6 gxf6 16. bxc3 $14) 13. dxe5 Nxe5 14. Nf3 Nfg4 $6
$146 {Kramnik rightly considered this "a strange move".} (14... Rfe8 {is more
natural, but since it was played only between low rated players it is too
early to draw any conclusion.} 15. Bg5 Qg4 16. Nxe5 (16. Bxf6 Nxf3+ 17. Qxf3
Qxf3 18. gxf3 gxf6) 16... Qxg5 17. Nf3 Rxe1+ 18. Qxe1 Qf4 {Massironi,M (2193)
-Rorato,G (2039) Venice 2006 (½-½, 66)}) ({Exchanging the knight for any of
White's minor pieces offer White pleasant play against the Isolani.} 14...
Nxf3+ 15. Qxf3 Rfe8 16. Be3 $14) (14... Nxd3 15. Qxd3 h6 16. Be3 $14) 15. Nxe5
Nxe5 {Caruana must have thought the knight was active on this square but as
will be clear soon it is rather exposed.} 16. Bc2 Rfe8 (16... Bc7 17. Bf4 {
is likely to transpose to the game.}) (16... Qc6 17. Bf4 Nc4 18. Bxd6 Nxd6 (
18... Qxd6 19. b3 Na3 20. Be4 Rad8 21. Bf3 $14) 19. Qd4 $14) 17. Bf4 Bc7 18. g3
$3 {The most difficult move in the game. White prepares for winning a pawn
with Bxh7+ by avoiding back rank problems.} ({Immediately carrying out this
operation would offer Black reasonable compensation:} 18. Bxe5 Bxe5 19. Bxh7+
Kxh7 20. Qh5+ Kg8 21. Rxe5 Qb5 $44) ({The purpose of the last move is clear,
but the natural question is why not} 18. h3 {? The answer is that} Nc4 {
works better than in the similar line below. What is really remarkable with
Kramnik's last move is that Black cannot parry the initial threat under
favourable circumstances.}) 18... Rad8 {Practically turning 18.g3 into a gain
of time as Black will soon have to play ...Rd8-e8.} (18... g6 {weakens f6,
which becomes relevant after} 19. Bb3 Rad8 20. Bg5 {Black has to launch the
desperate attack with} Qh3 21. Bxd8 Rxd8 {when White calms down the position
to his favour with} 22. Rxe5 Bxe5 23. Bxd5 Qd7 24. c4 Bxb2 25. Rb1 Bg7 26. a4 {
and the b-pawn will soon be lost.}) (18... h6 {weakens g6, and also leads to
the loss of the d-pawn:} 19. Bxe5 Bxe5 20. Qd3 g6 21. Bb3 Rad8 22. Rad1 $16 d4
$2 23. Qxg6+) ({Or if} 18... Nc4 19. Rxe8+ Rxe8 20. Bxc7 Qxc7 21. Qxd5 Nxb2 22.
Rb1 {we can notice the difference with respect to the similar line with 18.h3:
there is no back rank mating danger.} Qxc3 23. Qb3 Re1+ 24. Rxe1 Qxe1+ 25. Kg2
Qe5 26. Qxb7 g6 27. Bb3 Qf6 {Black has defended with only moves but loses a
pawn anyway:} 28. Bxf7+ Qxf7 29. Qxb2 {With reasonable winning chances.}) 19.
Bxh7+ Kxh7 20. Bxe5 Bxe5 21. Qh5+ Kg8 22. Rxe5 Rxe5 ({Due to the move g2-g3,
White can meet} 22... Qb5 {with} 23. Rae1 Rxe5 24. Rxe5 {for instance:} Qxb2
25. Re7 Rf8 26. Qxd5 Qxc3 27. Rxb7 $16) 23. Qxe5 Re8 24. Qd4 Qb5 25. b3 Re2 {
Black has achieved some activity but White will temporarily return the pawn to
launch a new wave of initiative.} 26. h4 b6 (26... Re4 27. Qd1 $5) 27. Rd1 Rxa2
28. Re1 {White has returned the pawn but has gained the control over the open
file. It is Black's king now who experiences problems.} Qc6 29. Re5 Qf6 30. Qe3
Ra1+ 31. Kg2 Ra5 32. h5 d4 33. cxd4 $1 ({The rook ending resulting after} 33.
Re8+ Kh7 34. Qd3+ Qf5 35. Qxd4 Qd5+ 36. Qxd5 Rxd5 37. g4 Rc5 38. Re3 a5 {
offers Black reasonable drawing chances.}) 33... Rxe5 34. Qxe5 Qd8 35. d5 {
White is well centralised and his d-pawn is dangerous. Besides, Black's
kingside is under pressure. His queenside pawns are too slow to generate
adequate counterplay so White should win with a bit of technique.} a5 36. d6
Qd7 37. Qe7 Qc6+ 38. Kg1 Qc1+ 39. Kh2 Qc5 40. Qe8+ Kh7 41. Qe4+ g6 (41... Kg8
42. d7 Qxh5+ 43. Kg2 Qd1 44. Qe8+ Kh7 45. d8=Q) 42. hxg6+ Kg7 $5 (42... fxg6
43. Qe7+ Kg8 44. Qe8+ Kg7 45. Qd7+ Kh6 46. Kg1 Qd5 47. Qe7 Qd1+ 48. Kh2 Qf3 49.
Qe3+) 43. Qd3 Qxf2+ 44. Kh1 Qf6 (44... Qe1+ 45. Kg2 Qe8 46. d7 Qd8 47. Qd4+
Kxg6 (47... f6 48. Qg4 $18 Qe7 49. Qd1 Qd8 50. Qh5 $18) (47... Kg8 48. Qd5 $18)
48. Qg4+ {[%cal Gg4h4]}) 45. d7 Qd8 46. Qc3+ $1 (46. gxf7 Kxf7 47. Qd6 b5 $5 {
offers Black counterplay.}) 46... Kxg6 47. Qc6+ (47. Qc8 {also wins:} Qe7 48.
d8=Q Qe1+ 49. Kh2 Qe2+ 50. Kh3 Qf1+ 51. Kh4 Qh1+ 52. Qh3 $18) 47... Kh5 (47...
f6 48. Qc8 Qe7 49. Qe8+) (47... Kg7 48. Qc8 Qf6 49. d8=Q Qf1+ 50. Kh2 Qf2+ 51.
Kh3 Qf1+ 52. Kh4 Qh1+ 53. Kg5 Qh6+ 54. Kg4 $18) 48. Qf3+ Kh6 (48... Kg6 49.
Qg4+ {[%cal Gg4h4]}) 49. Qxf7 Qh8 50. Kg2 Qa8+ 51. Kh2 Qh8 52. Qe8 1-0

[Event "Tata Steel-A 80th"]
[Site "Wijk aan Zee"]
[Date "2018.01.27"]
[Round "12"]
[White "Svidler, Peter"]
[Black "Karjakin, Sergey"]
[Result "1/2-1/2"]
[WhiteElo "2768"]
[BlackElo "2753"]
[PlyCount "62"]
[EventDate "2018.01.13"]
[EventType "tourn"]
[EventRounds "13"]
[EventCountry "NED"]
[EventCategory "20"]
[SourceTitle "CBM 183"]
[Source "ChessBase"]
[SourceDate "2018.03.14"]
[SourceVersion "1"]
[SourceVersionDate "2018.03.14"]
[SourceQuality "1"]
[TimeControl "40/6000+30:20/3000+30:900+30"]

1. Nf3 {[%emt 0:00:00]} d5 {[%emt 0:00:06]} 2. g3 {[%emt 0:00:00]} c6 {[%emt 0:
00:11]} 3. Bg2 {[%emt 0:00:00]} Nf6 {[%emt 0:00:09]} 4. O-O {[%emt 0:00:06]}
Bg4 {[%emt 0:00:05]} 5. h3 {[%emt 0:00:28]} Bh5 {[%emt 0:00:06]} 6. d4 {
[%emt 0:00:19]} e6 {[%emt 0:00:45]} 7. c4 {[%emt 0:00:36]} Nbd7 {[%emt 0:00:21]
} 8. cxd5 {[%emt 0:04:57]} exd5 {[%emt 0:00:29]} 9. Ne5 {[%emt 0:04:19]} Ne4 {
[%emt 0:19:52]} 10. Nd2 {[%emt 0:00:16]} Nxd2 {[%emt 0:08:21]} 11. Bxd2 {
[%emt 0:00:13]} Nxe5 {[%emt 0:00:03]} 12. dxe5 {[%emt 0:00:08]} Bc5 {[%emt 0:
00:04]} 13. Kh2 {[%emt 0:21:08]} O-O {[%emt 0:03:30]} 14. Rc1 {[%emt 0:10:43]}
Qe7 {[%emt 0:06:54]} 15. g4 {[%emt 0:05:43]} Bg6 {[%emt 0:00:13]} 16. f4 {
[%emt 0:00:14]} f5 {[%emt 0:00:11]} 17. Qb3 {[%emt 0:00:25]} Rad8 {[%emt 0:33:
15]} 18. gxf5 {[%emt 0:09:51]} Bxf5 {[%emt 0:00:05]} 19. Rxc5 {[%emt 0:01:01]}
Qxc5 {[%emt 0:00:21]} 20. e4 {[%emt 0:00:10]} Bg6 {[%emt 0:16:26]} 21. Bb4 {
[%emt 0:21:04]} Qc4 {[%emt 0:02:17]} 22. f5 {[%emt 0:09:09]} Bh5 {[%emt 0:00:
55]} 23. Bxf8 {[%emt 0:07:52]} Qxb3 {[%emt 0:00:20]} 24. axb3 {[%emt 0:00:01]}
Kxf8 {[%emt 0:00:07]} 25. exd5 {[%emt 0:00:09]} cxd5 {[%emt 0:00:06]} 26. Kg3 {
[%emt 0:00:09]} d4 {[%emt 0:01:36]} 27. Bf3 {[%emt 0:10:34]} Bxf3 {[%emt 0:01:
34]} 28. Kxf3 {[%emt 0:00:05]} d3 {[%emt 0:00:03]} 29. Rd1 {[%emt 0:00:43]} d2
{[%emt 0:00:06]} 30. Ke3 {[%emt 0:00:06]} Rd5 {[%emt 0:00:04]} 31. Ke4 {
[%emt 0:00:02]} Rd8 {[%emt 0:00:06]} 1/2-1/2

[Event "Tata Steel-A 80th"]
[Site "Wijk aan Zee"]
[Date "2018.01.28"]
[Round "13"]
[White "Adhiban, Baskaran"]
[Black "Kramnik, Vladimir"]
[Result "0-1"]
[WhiteElo "2655"]
[BlackElo "2787"]
[Annotator "Fernandez,D"]
[PlyCount "110"]
[EventDate "2018.01.13"]
[EventType "tourn"]
[EventRounds "13"]
[EventCountry "NED"]
[EventCategory "20"]
[SourceTitle "CBM 183"]
[Source "ChessBase"]
[SourceDate "2018.03.14"]
[SourceVersion "1"]
[SourceVersionDate "2018.03.14"]
[SourceQuality "1"]
[TimeControl "40/6000+30:20/3000+30:900+30"]

1. e4 {[%emt 0:00:00]} e5 {[%emt 0:00:05]} 2. Nc3 {[%emt 0:00:00]} Nf6 {
[%emt 0:00:07]} 3. g3 {[%emt 0:00:00]} Bc5 {[%emt 0:00:16]} 4. Bg2 {[%emt 0:00:
00]} c6 {[%emt 0:00:40]} 5. Nge2 {[%emt 0:00:00]} (5. Nf3 {looks a bit
inconsistent, but may be White's best attempt at trying to use every wrinkle
in the position.} d5 6. Nxe5 (6. d3 d4 7. Ne2 Nbd7 8. O-O O-O 9. h3 {is just a
standard King's Indian Attack}) 6... dxe4 7. d3 $5 Bxf2+ 8. Kxf2 Qd4+ 9. Kf1 $5
({After} 9. Be3 Qxe5 10. h3 (10. Bf4 $11 {is just a repetition}) 10... exd3 11.
Qxd3 O-O 12. Rhe1 $44 {White has full compensation for the missing material.})
9... Qxe5 10. Bf4 Qd4 11. Nxe4 O-O $132) 5... d5 {[%emt 0:02:34]} 6. exd5 {
[%emt 0:00:00]} cxd5 {[%emt 0:00:06]} 7. d4 {[%emt 0:00:04]} exd4 {[%emt 0:00:
06]} 8. Nxd4 {[%emt 0:00:05]} O-O {[%emt 0:02:57]} 9. O-O {[%emt 0:00:12]} Bg4
{[%emt 0:00:12]} 10. Nde2 {[%emt 0:00:07] A standard-looking move, unleashing
some kind of pressure against the d5-pawn, but here the pawn is free to
advance, which was what White should have tried to avoid.} (10. Qd3 Bxd4 11.
Qxd4 Nc6 12. Qc5 d4 13. Ne4 Nxe4 14. Bxe4 Re8 $11 {at least gives White the
bishop pair in exchange for Black's dynamism.}) 10... Qc8 {[%emt 0:01:13]
Perceptively played.} ({After the immediate} 10... d4 {there is a slight
problem with} 11. h3 $1 (11. Na4 Qe8 12. Nxc5 Bxe2 13. Qe1 Nc6 $44) 11... Bxh3
12. Bxh3 dxc3 13. Qxd8 Rxd8 14. Nxc3 Nc6 15. Bf4 $14 {Here Kramnik would have
risked losing the exact same type of game which he won yesterday.}) 11. Bg5 {
[%emt 0:01:05] On this move and indeed the next few Adhiban plays extremely
well.} (11. Be3 $6 d4 $5 12. Bxd4 Rd8 13. Qd3 Nc6 14. Bxc6 Qxc6 $11 {is
unpleasant for White, but playable if he jumps through a few more hoops.})
11... d4 {[%emt 0:04:58]} 12. Na4 {[%emt 0:11:04]} Be7 {[%emt 0:02:30]} 13. Qd3
{[%emt 0:06:14]} h6 {[%emt 0:05:18]} 14. Bxf6 {[%emt 0:10:58]} Bxf6 {[%emt 0:
00:07]} 15. Nf4 {[%emt 0:00:17]} (15. Nxd4 $6 Rd8 16. Qb3 $1 $11 {clings to
equality tactically, but this is hard to calculate.}) 15... Nc6 {[%emt 0:15:38]
} (15... Nd7 $11 {was marginally more accurate.}) 16. Nd5 {[%emt 0:11:14]} Be5
{[%emt 0:06:08]} 17. Qb5 {[%emt 0:12:13]} Bd6 {[%emt 0:06:33]} 18. Nc5 {
[%emt 0:02:51]} Bxc5 {[%emt 0:16:48]} 19. Qxc5 {[%emt 0:00:05] Suddenly the
bishop pair is gone and Black should think about equality.} Re8 {[%emt 0:00:17]
} (19... Bh3 {should have been almost an impulse for a Catalan player like
Vladimir Kramnik!}) 20. b4 $14 {[%emt 0:12:23]} Kh8 {[%emt 0:06:22]} 21. Rfe1 {
[%emt 0:04:00]} Qf5 {[%emt 0:08:48]} 22. Nc7 {[%emt 0:05:12]} Rxe1+ {[%emt 0:
02:44]} 23. Rxe1 {[%emt 0:00:02]} Rd8 {[%emt 0:06:28]} (23... Rc8 {prevents
White's strong next move because} 24. Ne8 Qxc5 25. bxc5 Nb4 $132 {gives Black
too much play.}) 24. Ne8 $1 {[%emt 0:05:53]} (24. Re8+ Rxe8 25. Nxe8 Kg8 26.
Nd6 Qxc5 27. bxc5 $14 {is also good for White, but a bit less convincing.})
24... Qxc5 {[%emt 0:02:14]} 25. bxc5 {[%emt 0:00:02]} Be6 {[%emt 0:04:48]} 26.
Nd6 {[%emt 0:00:06]} Rd7 {[%emt 0:00:19]} 27. a3 {[%emt 0:04:54] The first
hesitation.} (27. Rb1 Bxa2 28. Rxb7 Rxb7 29. Nxb7 $16 {would have left Black
in a lot of trouble.}) 27... Rc7 {[%emt 0:01:56]} 28. Nb5 {[%emt 0:04:39]} Rc8
{[%emt 0:00:56]} 29. Nd6 {[%emt 0:00:08]} Rc7 {[%emt 0:00:04]} 30. f4 {[%emt 0:
01:37]} g6 {[%emt 0:01:16]} 31. Nb5 {[%emt 0:00:05] The second hesitation,
seemingly looking for another move repetition.} Rd7 {[%emt 0:02:41]} 32. Nd6 {
[%emt 0:00:20]} Na5 {[%emt 0:02:35] But Kramnik is mentally tough enough to
not take it, even though his position is far from being better.} 33. Rb1 {
[%emt 0:04:20]} (33. Nxb7 Rxb7 34. Bxb7 Nxb7 35. c6 Nd6 {might have occupied a
fair bit of White's time, and while the position isn't technically winning as
such, Black certainly faces more challenges after} 36. Rd1 $14 {because he
will be unable to hold the d-pawn.}) 33... Rc7 {[%emt 0:01:13]} 34. Rb5 {
[%emt 0:01:48]} b6 $11 {[%emt 0:01:00] Just like that, the advantage is gone.}
35. Rxa5 $2 {[%emt 0:00:48] Imaginative, but not correct.} ({It was a good
time for} 35. cxb6 axb6 36. Rb2 Nc4 37. Nxc4 Rxc4 38. Be4 f5 39. Bd3 (39. Rxb6
fxe4 40. Rxe6 e3 $36) 39... Rc6 40. Rb4 Rd6 $11) 35... bxa5 {[%emt 0:00:16]}
36. c6 {[%emt 0:00:02]} a6 {[%emt 0:01:58] The point is that between this move
and ...Re7, Black is able to both discourage Nb5 ideas and hold off the White
king.} 37. Kf2 {[%emt 0:00:20]} (37. a4 Re7 38. Nb5 axb5 39. axb5 a4 $19) 37...
Re7 {[%emt 0:00:23]} 38. a4 {[%emt 0:04:52]} Kg8 {[%emt 0:01:11]} 39. Ne4 {
[%emt 0:00:36]} (39. Nb5 axb5 40. axb5 a4 41. b6 Bc8 42. b7 Bxb7 43. cxb7 Re8
44. Bc6 Rb8 45. Bxa4 Rxb7 $19) 39... Kf8 {[%emt 0:02:36]} 40. Nd6 {[%emt 0:00:
00]} Bg4 {[%emt 0:02:18]} (40... Bf5 {was marginally faster.}) 41. Be4 {
[%emt 0:12:53]} h5 {[%emt 0:08:35]} 42. h4 {[%emt 0:04:45]} f6 {[%emt 0:09:40]
Asking for a move from White.} 43. Bxg6 {[%emt 0:08:55]} (43. Bd3 Rc7 44. Be4
Ke7 45. Nc4 f5 46. Bg2 Bd1 $19) 43... Re2+ {[%emt 0:01:37]} 44. Kf1 {[%emt 0:
00:14]} Re6 {[%emt 0:00:32]} 45. Nb7 {[%emt 0:06:33]} Rxc6 {[%emt 0:01:18]} 46.
Nxa5 {[%emt 0:02:01]} Rc3 $19 {[%emt 0:01:10] The front c-pawn being dead, the
game is now over. A curious feature of this tournament, first in variations
and now in an actual game, seems to be nearly-trapped White knights on a5.} 47.
Nb3 {[%emt 0:00:14]} Rc4 {[%emt 0:01:54]} 48. Bd3 {[%emt 0:01:35]} Rxa4 {
[%emt 0:00:08]} 49. Kf2 {[%emt 0:00:33]} a5 {[%emt 0:00:22]} 50. Ke1 {[%emt 0:
06:46]} Be6 {[%emt 0:02:28]} 51. Nc5 {[%emt 0:00:11]} Ra1+ {[%emt 0:00:06]} 52.
Kf2 {[%emt 0:00:11]} Bf7 {[%emt 0:00:56]} 53. Kf3 {[%emt 0:01:52]} a4 {[%emt 0:
00:29]} 54. Ke4 {[%emt 0:00:06]} a3 {[%emt 0:00:17]} 55. Kxd4 {[%emt 0:00:03]}
Rd1 {[%emt 0:00:11]} 0-1

[Event "Tata Steel-A 80th"]
[Site "Wijk aan Zee"]
[Date "2018.01.28"]
[Round "13"]
[White "Caruana, Fabiano"]
[Black "Svidler, Peter"]
[Result "1/2-1/2"]
[WhiteElo "2811"]
[BlackElo "2768"]
[PlyCount "59"]
[EventDate "2018.01.13"]
[EventType "tourn"]
[EventRounds "13"]
[EventCountry "NED"]
[EventCategory "20"]
[SourceTitle "CBM 183"]
[Source "ChessBase"]
[SourceDate "2018.03.14"]
[SourceVersion "1"]
[SourceVersionDate "2018.03.14"]
[SourceQuality "1"]
[TimeControl "40/6000+30:20/3000+30:900+30"]

1. e4 {[%emt 0:00:00]} e5 {[%emt 0:00:09]} 2. Nf3 {[%emt 0:00:00]} Nc6 {
[%emt 0:00:05]} 3. Bb5 {[%emt 0:00:00]} a6 {[%emt 0:00:07]} 4. Ba4 {[%emt 0:00:
00]} Nf6 {[%emt 0:00:07]} 5. O-O {[%emt 0:00:00]} Be7 {[%emt 0:00:10]} 6. Re1 {
[%emt 0:00:12]} b5 {[%emt 0:00:10]} 7. Bb3 {[%emt 0:00:07]} O-O {[%emt 0:01:03]
} 8. c3 {[%emt 0:01:20]} d5 {[%emt 0:02:45]} 9. exd5 {[%emt 0:00:15]} Nxd5 {
[%emt 0:00:08]} 10. Nxe5 {[%emt 0:00:05]} Nxe5 {[%emt 0:00:09]} 11. Rxe5 {
[%emt 0:00:05]} c6 {[%emt 0:00:06]} 12. d3 {[%emt 0:01:35]} Bd6 {[%emt 0:01:34]
} 13. Re1 {[%emt 0:00:50]} Bf5 {[%emt 0:01:26]} 14. Qf3 {[%emt 0:02:01]} Qh4 {
[%emt 0:05:42]} 15. g3 {[%emt 0:00:20]} Qh3 {[%emt 0:00:08]} 16. Be3 {[%emt 0:
03:00]} Bxd3 {[%emt 0:04:15]} 17. Nd2 {[%emt 0:02:02]} Qf5 {[%emt 0:02:57]} 18.
Bd4 {[%emt 0:01:47]} Rfe8 {[%emt 0:04:11]} 19. a4 {[%emt 0:04:16]} h6 {[%emt 0:
02:06]} 20. Qxf5 {[%emt 0:04:02]} Bxf5 {[%emt 0:00:26]} 21. Nf3 {[%emt 0:00:06]
} Be6 {[%emt 0:09:20]} 22. Be5 {[%emt 0:04:02]} Bc5 {[%emt 0:02:28]} 23. Nd4 {
[%emt 0:02:08]} Bxd4 {[%emt 0:04:50]} 24. Bxd4 {[%emt 0:00:17]} Nf4 {[%emt 0:
00:20]} 25. Bxe6 {[%emt 0:02:03]} Nxe6 {[%emt 0:00:06]} 26. Be3 {[%emt 0:00:05]
} Nc7 {[%emt 0:02:51]} 27. Kg2 {[%emt 0:04:42]} Nd5 {[%emt 0:01:38]} 28. Kf3 {
[%emt 0:03:40]} Nxe3 {[%emt 0:01:30]} 29. Rxe3 {[%emt 0:00:09]} Kf8 {[%emt 0:
04:48]} 30. h4 {[%emt 0:00:48]} 1/2-1/2